La semilla de la paz
Wedi'i Gadw mewn:
| Prif Awdur: | |
|---|---|
| Fformat: | Anhysbys |
| Cyhoeddwyd: |
San José, Costa Rica
Imprenta Nacional
1990
|
| Pynciau: | |
| Tagiau: |
Ychwanegu Tag
Dim Tagiau, Byddwch y cyntaf i dagio'r cofnod hwn!
|
MARC
| LEADER | 000000000a22000000004500 | ||
|---|---|---|---|
| 001 | 002211 | ||
| 041 | 0 | |a español | |
| 092 | 0 | |a 327.172 A696s | |
| 100 | 1 | |a Arias Sánchez, Oscar |d 1941- | |
| 245 | 1 | 3 | |a La semilla de la paz |
| 260 | |a San José, Costa Rica |b Imprenta Nacional |c 1990 | ||
| 300 | |a 391 páginas |b ilustraciones | ||
| 500 | |a Número de inscripción 01518 | ||
| 650 | 4 | |a COSTA RICA | |
| 650 | 4 | |a POLITICA Y GOBIERNO | |
| 650 | 4 | |a PAZ | |
| 650 | 4 | |a ARIAS SANCHEZ, OSCAR, 1941- | |
| 999 | |c 3076 |d 3076 | ||
